• 首页
  • 本馆介绍
  • 公告通知
  • 最新文献
  • 馆藏检索
  • 电子资源
  • 读者导购
  • 参考咨询
  • 我的图书馆
  • 登录
  • 详细信息显示
  • 放入我的书架
  • 预约/预借图书
  • 作者相关作品
  • 分类相关作品
  • 丛书相关作品
  • 出版社相关作品

书目信息

  • 表格格式
  • 工作单格式
  • 卡片格式
题名:
中草药栽培与生态环境保护
    
 
作者: 赵永华 主编
分册:  
出版信息: 北京   化学工业出版社  2001
页数:
开本: 20cm
丛书名:
单 册:
中图分类: S567.04
科图分类:
主题词: 药用植物--栽培--技术 , 药用植物--栽培--作用--生态环境--环境保护
电子资源:
ISBN: 7-5025-3385-0
000 00643nam0 2200205 45
001 0309100245
005 20031219104114.1
010    @a7-5025-3385-0@dCNY26.00
100    @a20030910d2001 km y0chiy0120 ea
101 0  @achi
105    @a z 000yy
200 1  @a中草药栽培与生态环境保护@AZhong Cao Yao Zai Pei Yu Sheng Tai Huan Jing Bao Hu@f赵永华主编@FZhao Yong Hua Zhu Bian
210    @a北京@c化学工业出版社@d2001
215    @d20cm
606 0  @a药用植物@x栽培@x技术
606 0  @a药用植物@x栽培@x作用@x生态环境@x环境保护
690    @aS567.04@v4
701  0 @a赵永华@4主编
801    @aCN@bTSTC@c20030910
905    @b324955-956@dS567.04@e15@f2
    
    中草药栽培与生态环境保护/赵永华主编.-北京:化学工业出版社,2001
    20cm
    
    
    ISBN 7-5025-3385-0:CNY26.00
    
●
相关链接 在E读中查询图书 在五车中查询图书 在当当中查询图书 在豆瓣中查询图书


正题名:中草药栽培与生态环境保护     索取号:S567.04/15         预约/预借

序号 登录号 条形码 馆藏地/架位号 状态 备注
1 0324955   203249555   第三借阅区/ [索取号:S567.04/15] 在馆    
2 0324956   203249564   第二样本阅览室/ [索取号:S567.04/15] 在馆    
唐山师范学院图书馆 欢迎您!
大连网信软件有限公司© 版权所有